[Event "Rector Cup MGSU"]
[Site "Moscow RUS"]
[Date "2012.11.10"]
[Round "5.9"]
[White "Volkov, Sergey"]
[Black "Konovalov, Nikolay"]
[Result "1/2-1/2"]
[WhiteTitle "GM"]
[BlackTitle "IM"]
[WhiteElo "2577"]
[BlackElo "2428"]
[WhiteFideId "4122763"]
[BlackFideId "4170962"]
[EventDate "2012.11.09"]

1. d4 Nf6 2. c4 c5 3. d5 b5 4. Nf3 b4 5. g3 d6 6. a3 Na6 7. Qa4+ Qd7 8. Qxd7+
Bxd7 9. Bg2 g6 10. O-O Bg7 11. h3 O-O 12. axb4 Nxb4 13. Ra5 a6 14. Nc3 Rab8 15.
Bd2 e6 16. dxe6 Bxe6 17. b3 h6 18. Rd1 d5 19. Bf4 Rbd8 20. cxd5 Nfxd5 21. Nxd5
Nxd5 22. Be5 Nc3 23. Rxd8 Rxd8 24. Rxc5 Nxe2+ 25. Kf1 Bxe5 26. Nxe5 Nd4 27. b4
Rb8 28. Bd5 Rxb4 29. Bxe6 Nxe6 30. Rc6 a5 31. Nxg6 fxg6 32. Rxe6 Kf7 1/2-1/2

[Event "Rector Cup MGSU"]
[Site "Moscow RUS"]
[Date "2012.11.10"]
[Round "5.10"]
[White "Rakhmanov, Aleksandr"]
[Black "Vakhlamov, Igor L."]
[Result "1/2-1/2"]
[WhiteTitle "GM"]
[BlackTitle "FM"]
[WhiteElo "2599"]
[BlackElo "2347"]
[WhiteFideId "4173708"]
[BlackFideId "24126748"]
[EventDate "2012.11.09"]

1. c4 Nf6 2. Nf3 c6 3. d4 d5 4. Qb3 dxc4 5. Qxc4 Bg4 6. Nbd2 Nbd7 7. g3 e6 8.
Bg2 Be7 9. O-O O-O 10. Ne5 Bh5 11. Nxd7 Qxd7 12. Nb3 Rfd8 13. Bg5 h6 14. Bf4 Nd5
15. Bd2 Rac8 16. Rfe1 Nb6 17. Qc2 Bg6 18. Be4 Bxe4 19. Qxe4 Qd5 20. Qg4 h5 21.
Qh3 Nc4 22. Bc3 a5 23. e4 Qg5 24. Rad1 a4 25. Nd2 Nxd2 26. Rxd2 Bf6 27. f4 Qg4
28. Qxg4 hxg4 29. Red1 g6 30. h3 gxh3 31. Kh2 b6 32. g4 c5 33. e5 Be7 34. d5
exd5 35. Rxd5 Rxd5 36. Rxd5 Rd8 37. Rxd8+ Bxd8 38. Kxh3 Kf8 39. Kg3 Ke7 40. Kf3
Kd7 41. Ke4 Kc6 42. f5 gxf5+ 43. gxf5 Be7 44. f6 Bf8 45. a3 b5 46. Ba5 b4 47.
Bd8 bxa3 48. bxa3 c4 49. Be7 Bxe7 50. fxe7 Kd7 51. Kd4 Kxe7 52. Kxc4 Ke6 53. Kd4
Ke7 54. Kd5 1/2-1/2

[Event "Rector Cup MGSU"]
[Site "Moscow RUS"]
[Date "2012.11.10"]
[Round "5.11"]
[White "Cherniaev, Alexander"]
[Black "Aleksandrov, Aleksej"]
[Result "0-1"]
[WhiteTitle "GM"]
[BlackTitle "GM"]
[WhiteElo "2460"]
[BlackElo "2607"]
[WhiteFideId "4117301"]
[BlackFideId "13500139"]
[EventDate "2012.11.09"]

1. e4 e5 2. Nf3 Nc6 3. Bc4 Bc5 4. c3 Nf6 5. d3 d6 6. Bb3 a6 7. O-O O-O 8. Be3 h6
9. h3 Re8 10. Nbd2 b5 11. d4 exd4 12. cxd4 Bb6 13. Re1 Ne7 14. Rc1 Bb7 15. d5 c5
16. Bc2 Ng6 17. b3 Bc8 18. Bd3 Ba5 19. Kh2 Ra7 20. Rg1 Rae7 21. g4 Nxe4 22. Nxe4
Rxe4 23. Bxe4 Rxe4 24. Rg3 Bb7 25. g5 h5 26. Qd3 Re8 27. Rd1 Qd7 28. h4 Bc8 29.
Qc2 Bc7 30. Qd3 Ba5 31. Qc2 Qf5 32. Qxf5 Bxf5 33. Bd2 Bc7 34. Re1 Kf8 35. Rxe8+
Kxe8 36. Bc3 Kf8 37. Nd2 Nxh4 38. Re3 Ng6 39. Kg3 h4+ 40. Kf3 Bd8 41. Ne4 Bxe4+
42. Rxe4 Bxg5 43. Kg4 Bd8 44. Re1 Ne7 45. Rd1 f5+ 46. Kh5 g6+ 47. Kh6 Kf7 48. f4
Ng8+ 49. Kh7 Bf6 50. Bxf6 Nxf6+ 51. Kh6 h3 52. Kg5 Ne4+ 0-1

[Event "Rector Cup MGSU"]
[Site "Moscow RUS"]
[Date "2012.11.10"]
[Round "5.12"]
[White "Arslanov, Shamil"]
[Black "Papin, Vasily"]
[Result "0-1"]
[WhiteTitle "IM"]
[BlackTitle "GM"]
[WhiteElo "2396"]
[BlackElo "2546"]
[WhiteFideId "4192826"]
[BlackFideId "4143183"]
[EventDate "2012.11.09"]

1. e4 c5 2. c3 Nf6 3. e5 Nd5 4. d4 cxd4 5. Qxd4 e6 6. Nf3 Nc6 7. Qe4 f5 8. Qe2
Qc7 9. g3 b5 10. Bg2 a5 11. O-O Ba6 12. Nh4 Nde7 13. Bg5 Kf7 14. Nd2 b4 15. c4
Rc8 16. Rfe1 h6 17. Bxe7 Nxe7 18. b3 g5 19. Qh5+ Kg7 20. Nhf3 Ng6 21. h3 Bc5 22.
Re2 d5 23. exd6 Qxd6 24. Rae1 Rhe8 25. Nf1 e5 26. h4 e4 27. hxg5 hxg5 28. Qxg5
exf3 29. Rxe8 Rxe8 30. Rxe8 fxg2 31. Ne3 Bxe3 32. Qxe3 Bb7 33. f3 Kf7 34. Kxg2
Bxf3+ 35. Kf2 Bb7 36. c5 Qd5 37. Rb8 Bc6 38. Rc8 Ne5 39. Rc7+ Kg6 40. Ke1 Qh1+
41. Kd2 Be4 42. Re7 Nf3+ 0-1

[Event "Rector Cup MGSU"]
[Site "Moscow RUS"]
[Date "2012.11.10"]
[Round "6.1"]
[White "Belous, Vladimir"]
[Black "Nepomniachtchi, Ian"]
[Result "1-0"]
[WhiteTitle "IM"]
[BlackTitle "GM"]
[WhiteElo "2554"]
[BlackElo "2707"]
[WhiteFideId "4174003"]
[BlackFideId "4168119"]
[EventDate "2012.11.09"]

1. d4 d6 2. Nf3 f5 3. c4 Nf6 4. Nc3 g6 5. g3 Bg7 6. Bg2 O-O 7. O-O c6 8. d5 e5
9. Qb3 cxd5 10. cxd5 Na6 11. Qa3 h6 12. Nb5 Ne8 13. Be3 Nac7 14. Nxc7 Nxc7 15.
Rac1 Rf7 16. Rfd1 b6 17. Rc6 Bd7 18. Rc2 Be8 19. Ne1 g5 20. Qb3 Na6 21. Qa3 Nc7
22. Qb3 Na6 23. Qa3 Bb5 24. Nd3 f4 25. Bc1 Rc7 26. Rc6 Nc5 27. Qb4 Bxd3 28. exd3
Rf7 29. Qd2 a5 30. b3 Qd7 31. Rxb6 fxg3 32. hxg3 Raf8 33. Rf1 e4 34. dxe4 Qg4
35. Rxd6 Nxe4 36. Bxe4 Qxe4 37. Bb2 Bxb2 38. Qxb2 Kh7 39. Qd2 Rf3 40. Re6 Qf5
41. Re7+ Kg8 42. Re3 Rxe3 43. Qxe3 Qxd5 44. Rc1 Qf7 45. Rc6 Re8 46. Qd3 Kg7 47.
Qd4+ Kh7 48. Qd3+ Kg7 49. Qc3+ Kh7 50. Rc7 Re1+ 51. Kh2 Re7 52. Rxe7 Qxe7 53.
Qxa5 h5 54. Qf5+ Kh6 55. a4 Qd6 56. a5 h4 57. Kh3 hxg3 58. fxg3 Qd1 59. Qe6+ Kh7
60. a6 Qd4 61. Qe7+ Kg6 62. Qe6+ Kh7 63. Qf5+ Kh6 64. b4 Qxb4 65. a7 Qb7 66.
Qf8+ Kh5 67. Qh8+ Kg6 68. a8=Q g4+ 69. Kh2 1-0

[Event "Rector Cup MGSU"]
[Site "Moscow RUS"]
[Date "2012.11.10"]
[Round "6.2"]
[White "Popov, Ivan RUS"]
[Black "Potkin, Vladimir"]
[Result "1/2-1/2"]
[WhiteTitle "GM"]
[BlackTitle "GM"]
[WhiteElo "2624"]
[BlackElo "2665"]
[WhiteFideId "4170350"]
[BlackFideId "4131061"]
[EventDate "2012.11.09"]

1. e4 c5 2. Nf3 e6 3. d4 cxd4 4. Nxd4 Nc6 5. Nc3 a6 6. Be2 d6 7. O-O Nf6 8. Be3
Bd7 9. a4 Be7 10. f4 Nxd4 11. Qxd4 Bc6 12. b4 O-O 13. b5 Be8 14. e5 Rc8 15. bxa6
bxa6 16. Bxa6 dxe5 17. Qxd8 Rxd8 18. fxe5 Ng4 19. Bb6 Ra8 20. Bb5 Nxe5 21. Bd4
Nc6 22. Bxc6 Bxc6 23. a5 Bb4 24. a6 Rfd8 25. Ne2 Bb5 26. Rfb1 Bxe2 27. Rxb4 Rxa6
28. Rxa6 Bxa6 29. c4 f6 30. Be3 Rd3 31. Kf2 Rc3 32. c5 Rc2+ 33. Kf3 Bc4 34. g4
Bd5+ 35. Kg3 g5 36. Bd4 e5 37. Rb2 Rc4 38. Be3 h5 39. h3 hxg4 40. hxg4 Be6 41.
Rb7 Rxg4+ 42. Kf2 Rc4 43. Re7 Bf7 44. Bxg5 fxg5 45. Rxe5 g4 46. Kg3 Kh7 47. c6
Kg6 48. c7 Kf6 49. Re4 Rc3+ 50. Kxg4 Be6+ 51. Kf4 Rxc7 52. Rd4 Rc1 53. Ke3 Bf5
54. Rb4 Rd1 55. Rd4 Re1+ 56. Kd2 Rh1 57. Rd5 Rh3 58. Rc5 Kg5 59. Rc3 Rh8 60. Ke3
Re8+ 61. Kf3 Rh8 62. Re3 Rh2 63. Kg3 Rb2 64. Ra3 Kf6 65. Ra5 Rb4 66. Rc5 Rd4 67.
Ra5 Be6 68. Ra3 Bd5 69. Re3 Kf5 70. Rc3 Rg4+ 71. Kf2 Kf4 72. Ke2 Be4 73. Kd2
Rg2+ 74. Kc1 Ke5 75. Rc4 Kd5 76. Rb4 Bd3 77. Rb2 Rg3 78. Kd2 Kd4 79. Rb4+ Bc4
80. Rb2 Rg1 81. Kc2 Rg2+ 82. Kc1 Rg3 83. Kb1 Bb3 84. Kc1 Kc4 85. Rf2 Rd3 86. Rd2
Rc3+ 87. Kb2 Kb4 88. Rf2 Bc4 89. Rd2 Bd3 90. Rf2 Be4 91. Re2 Bf5 92. Rf2 Bd3 93.
Rf4+ Bc4 94. Rf2 Rb3+ 95. Kc2 Ra3 96. Kd2 Rd3+ 97. Kc2 Rg3 98. Kb2 Ra3 99. Rd2
Bd3 100. Kc1 Kc4 101. Rf2 Kc3 102. Rc2+ 1/2-1/2

[Event "Rector Cup MGSU"]
[Site "Moscow RUS"]
[Date "2012.11.10"]
[Round "6.3"]
[White "Andreikin, Dmitry"]
[Black "Grigoriants, Sergey"]
[Result "1/2-1/2"]
[WhiteTitle "GM"]
[BlackTitle "GM"]
[WhiteElo "2723"]
[BlackElo "2588"]
[WhiteFideId "4158814"]
[BlackFideId "4130804"]
[EventDate "2012.11.09"]

1. c4 Nf6 2. Nc3 e5 3. g3 Bb4 4. Bg2 Bxc3 5. bxc3 O-O 6. Nf3 Re8 7. O-O d6 8. d3
e4 9. Ng5 exd3 10. exd3 h6 11. Nh3 Nbd7 12. Nf4 Rb8 13. h3 b6 14. Nd5 Nxd5 15.
cxd5 Qf6 16. Be3 Nc5 17. d4 Ne4 18. c4 Bd7 19. Re1 Re7 20. g4 Rbe8 21. Qd3 Qh4
22. Qf1 Ng5 23. Bd2 f5 24. f3 Qg3 25. Rxe7 Nxh3+ 26. Kh1 Nf2+ 27. Kg1 Nh3+ 28.
Kh1 Nf2+ 29. Kg1 Bc8 1/2-1/2

[Event "Rector Cup MGSU"]
[Site "Moscow RUS"]
[Date "2012.11.10"]
[Round "6.4"]
[White "Papin, Vasily"]
[Black "Grachev, Boris"]
[Result "0-1"]
[WhiteTitle "GM"]
[BlackTitle "GM"]
[WhiteElo "2546"]
[BlackElo "2685"]
[WhiteFideId "4143183"]
[BlackFideId "4129199"]
[EventDate "2012.11.09"]

1. c4 e6 2. g3 d5 3. Bg2 a6 4. Qb3 Nf6 5. Nc3 c6 6. d4 b5 7. cxd5 cxd5 8. Nf3
Nc6 9. Bf4 Bb7 10. O-O Be7 11. Rac1 O-O 12. Rfd1 Rc8 13. Ne5 Na5 14. Qc2 b4 15.
Qa4 bxc3 16. Rxc3 Rxc3 17. bxc3 Qb6 18. Nd7 Nxd7 19. Qxd7 Qd8 20. Qxd8 Bxd8 21.
Rb1 Bc6 22. Bd6 Re8 23. Rb8 Nc4 24. Bc5 Bc7 0-1

[Event "Rector Cup MGSU"]
[Site "Moscow RUS"]
[Date "2012.11.10"]
[Round "6.5"]
[White "Azarov, Sergei"]
[Black "Gordievsky, Dmitry"]
[Result "1/2-1/2"]
[WhiteTitle "GM"]
[BlackTitle "FM"]
[WhiteElo "2618"]
[BlackElo "2422"]
[WhiteFideId "13501470"]
[BlackFideId "24112798"]
[EventDate "2012.11.09"]

1. e4 e5 2. Nf3 Nc6 3. Bb5 a6 4. Ba4 Nf6 5. O-O Be7 6. Re1 b5 7. Bb3 d6 8. c3
O-O 9. h3 Bb7 10. d4 Re8 11. Nbd2 Bf8 12. a3 h6 13. Ba2 Nb8 14. d5 c6 15. dxc6
Bxc6 16. Nh2 Nbd7 17. Qf3 Nc5 18. Ng4 Ra7 19. b4 Nxg4 20. hxg4 Ne6 21. Nf1 Rd7
22. Rd1 Qa8 23. Ng3 Red8 24. Bd5 Bxd5 25. exd5 Nf4 26. Bxf4 exf4 27. Qxf4 Rc7
28. Qf3 Rc4 29. Rd3 Re8 30. Rad1 Qc8 31. Nf5 g6 32. Nd4 Bg7 33. g3 Bxd4 34. cxd4
Kg7 35. Kg2 Qb7 36. R1d2 Rc1 37. Rd1 Rc2 38. R3d2 Rc4 39. Rh1 Re7 40. Rdd1 Rc2
41. Rc1 Ree2 42. Rxc2 Rxc2 43. Re1 Rc4 44. Rd1 Qe7 45. Rd3 Qg5 46. Qe4 Qf6 47.
Qf4 Qxf4 48. gxf4 Kf6 49. Kf3 h5 50. Kg3 Rc1 51. f3 Rg1+ 52. Kh2 Rc1 53. Kg3
Rg1+ 1/2-1/2

[Event "Rector Cup MGSU"]
[Site "Moscow RUS"]
[Date "2012.11.10"]
[Round "6.6"]
[White "Aleksandrov, Aleksej"]
[Black "Lintchevski, Daniil"]
[Result "0-1"]
[WhiteTitle "GM"]
[BlackTitle "GM"]
[WhiteElo "2607"]
[BlackElo "2555"]
[WhiteFideId "13500139"]
[BlackFideId "4171055"]
[EventDate "2012.11.09"]

1. d4 d5 2. c4 dxc4 3. Nf3 a6 4. e3 Nf6 5. Bxc4 e6 6. O-O c5 7. b3 cxd4 8. Nxd4
Bd7 9. Nd2 Nc6 10. N2f3 Nxd4 11. Nxd4 Be7 12. Bb2 O-O 13. a4 Qa5 14. Qf3 Rab8
15. Rfd1 Rfd8 16. Qg3 Qh5 17. Nf3 Qg6 18. Ne5 Qxg3 19. hxg3 Be8 20. Be2 Nd5 21.
Bf3 f6 22. Bxd5 exd5 23. Nd3 Rbc8 24. Rac1 Rc6 25. Nf4 Bf7 26. g4 d4 27. Rxc6
bxc6 28. Rxd4 Rxd4 29. Bxd4 Bxb3 30. a5 Bb4 31. Bb6 Bc4 32. f3 Be1 33. Kh2 Kf7
34. g3 Bb5 35. e4 Bb4 36. Kg1 g5 37. Ng2 c5 38. Ne3 c4 39. Nd5 Bd2 40. Bd4 Bxa5
41. Kf2 Bc6 42. Bc3 Bd8 43. Ne3 Bb5 44. Ke2 Bc7 45. Nd5 Bxg3 46. Nxf6 h6 47. Nd5
Ke6 48. Kd2 Bc6 49. Ne3 Bf4 50. Bd4 Ba4 51. Kc3 Kf7 52. Kxc4 Bb5+ 53. Kd5 Be2
54. Nf5 Bxf3 55. Nxh6+ Kg6 56. Nf5 Bxg4 57. Ne3 Bf3 58. Nc4 Kh5 59. Be3 Be2 60.
Bxf4 Bxc4+ 61. Kxc4 gxf4 62. e5 f3 63. Kd3 a5 0-1

[Event "Rector Cup MGSU"]
[Site "Moscow RUS"]
[Date "2012.11.10"]
[Round "6.7"]
[White "Khismatullin, Denis"]
[Black "Seliverstov, Vladimir"]
[Result "1-0"]
[WhiteTitle "GM"]
[BlackTitle "FM"]
[WhiteElo "2646"]
[BlackElo "2433"]
[WhiteFideId "4142578"]
[BlackFideId "4192036"]
[EventDate "2012.11.09"]

1. d4 d5 2. c4 c6 3. Nc3 Nf6 4. e3 g6 5. Nf3 Bg7 6. Bd3 O-O 7. O-O Na6 8. cxd5
cxd5 9. Qb3 b6 10. Bd2 Bb7 11. a4 Nc7 12. a5 Rb8 13. axb6 axb6 14. Rfc1 Ne4 15.
Be1 e6 16. Ne2 Ne8 17. Ra7 N8d6 18. Bb4 Re8 19. Ne5 Bxe5 20. dxe5 Nc4 21. Bxe4 1-0

[Event "Rector Cup MGSU"]
[Site "Moscow RUS"]
[Date "2012.11.10"]
[Round "6.8"]
[White "Konovalov, Nikolay"]
[Black "Savchenko, Boris"]
[Result "0-1"]
[WhiteTitle "IM"]
[BlackTitle "GM"]
[WhiteElo "2428"]
[BlackElo "2556"]
[WhiteFideId "4170962"]
[BlackFideId "4147332"]
[EventDate "2012.11.09"]

1. d4 Nf6 2. c4 e6 3. Nc3 d5 4. cxd5 exd5 5. Bg5 c6 6. e3 Be7 7. Bd3 O-O 8. Qc2
Nbd7 9. Nge2 Re8 10. O-O Nf8 11. f3 Be6 12. Bh4 Rc8 13. Rad1 N6d7 14. Bf2 Bd6
15. e4 dxe4 16. fxe4 c5 17. e5 Be7 18. d5 Bg4 19. e6 fxe6 20. dxe6 Bxe6 21. Nf4
Bg4 22. Rde1 Bg5 23. Bg3 Nf6 24. h3 Qd4+ 25. Kh2 Rxe1 26. Rxe1 Bxf4 27. hxg4
Nxg4+ 28. Kh3 Ne3 29. Qe2 Qd7+ 0-1

[Event "Rector Cup MGSU"]
[Site "Moscow RUS"]
[Date "2012.11.10"]
[Round "6.9"]
[White "Vakhlamov, Igor L."]
[Black "Hovhannisyan, Robert"]
[Result "1/2-1/2"]
[WhiteTitle "FM"]
[BlackTitle "GM"]
[WhiteElo "2347"]
[BlackElo "2610"]
[WhiteFideId "24126748"]
[BlackFideId "13302507"]
[EventDate "2012.11.09"]

1. e4 e5 2. Nf3 Nc6 3. Nc3 Nf6 4. Bb5 Nd4 5. Nxd4 exd4 6. e5 dxc3 7. exf6 Qxf6
8. dxc3 Qe5+ 9. Qe2 Qxe2+ 10. Bxe2 d5 11. Bf4 c6 12. c4 Be6 13. cxd5 Bxd5 14.
O-O Be7 15. Rfe1 Be6 16. Be5 O-O 17. Bc3 Rfe8 18. Bd3 Rad8 19. a3 Bf8 20. Rad1
Bg4 21. f3 Bc5+ 22. Kf1 Be6 23. Be2 Bf5 24. Rxd8 Rxd8 25. Rd1 Rxd1+ 26. Bxd1 f6
27. Ke2 h5 28. Be1 a6 29. h3 Kf7 30. c3 Be6 31. Bc2 Bd6 32. Bf2 Bc7 33. Kd2 Bf4+
34. Kd1 Bc4 35. g3 Bc7 36. h4 a5 37. f4 b5 38. b3 Be6 39. Kd2 Bg4 40. Be4 Bd7
41. Kd3 g6 42. Ke2 Bd8 43. Be3 Be7 44. b4 Bd8 45. Kf2 Bc7 46. Bc5 Be8 47. Bc2
Ke6 48. Bb3+ Kd7 49. Bd4 f5 50. Bc5 Bd8 51. Ke3 Bc7 52. Kd4 a4 53. Ba2 Kd8 54.
Be6 Bd7 55. Bf7 Be8 56. Be6 Bd7 57. Bf7 Be8 1/2-1/2

[Event "Rector Cup MGSU"]
[Site "Moscow RUS"]
[Date "2012.11.10"]
[Round "6.10"]
[White "Kashlinskaya, Alina"]
[Black "Korneev, Oleg"]
[Result "1/2-1/2"]
[WhiteTitle "WGM"]
[BlackTitle "GM"]
[WhiteElo "2344"]
[BlackElo "2602"]
[WhiteFideId "4198026"]
[BlackFideId "4156803"]
[EventDate "2012.11.09"]

1. d4 d5 2. c4 e6 3. Nc3 Be7 4. cxd5 exd5 5. Qc2 c6 6. Bf4 g6 7. e3 Bf5 8. Qd2
h5 9. Bd3 Bxd3 10. Qxd3 Nd7 11. Nf3 Ngf6 12. h3 Bb4 13. O-O Qe7 14. Rfe1 Ne4 15.
Be5 O-O 16. a3 Bxc3 17. bxc3 Nb6 18. Bh2 Kh7 19. Ne5 f6 20. f3 fxe5 21. fxe4
Rad8 22. exd5 Rxd5 23. e4 Rd7 24. Rf1 Rxf1+ 25. Rxf1 Qe6 26. Bxe5 Nc4 27. Bg3 b5
28. e5 Rf7 29. Rxf7+ Qxf7 30. Qe4 Qe6 31. Qf3 Kg8 32. Bh4 Nxa3 33. Bf6 Nc4 34.
Qf4 Kh7 35. g4 a5 36. Kh2 a4 37. gxh5 Qf5 38. hxg6+ Qxg6 39. Qh4+ Kg8 40. Qh8+
Kf7 41. Qc8 Qc2+ 42. Kh1 Qe4+ 43. Kh2 Qc2+ 44. Kh1 Qd1+ 45. Kh2 Qe2+ 46. Kh1
Qf3+ 47. Kh2 Ne3 48. e6+ Kg6 49. Qg8+ Kf5 50. e7 Qf2+ 51. Kh1 Qf1+ 52. Kh2 Qf2+
53. Kh1 Qf1+ 54. Kh2 1/2-1/2

[Event "Rector Cup MGSU"]
[Site "Moscow RUS"]
[Date "2012.11.10"]
[Round "6.11"]
[White "Dubov, Daniil"]
[Black "Khruschiov, Alexey"]
[Result "1/2-1/2"]
[WhiteTitle "GM"]
[BlackTitle "GM"]
[WhiteElo "2600"]
[BlackElo "2431"]
[WhiteFideId "24126055"]
[BlackFideId "13900544"]
[EventDate "2012.11.09"]

1. d4 Nf6 2. Bg5 e6 3. Nf3 h6 4. Bxf6 Qxf6 5. Nbd2 d5 6. e4 c5 7. Bb5+ Nc6 8.
exd5 exd5 9. O-O cxd4 10. Re1+ Be7 11. Qe2 Be6 12. Nb3 d3 13. cxd3 O-O 14. Bxc6
bxc6 15. Nfd4 Bb4 16. Rec1 Bd7 17. Qf3 Qg6 18. Nc5 Bg4 19. Nxc6 1/2-1/2

[Event "Rector Cup MGSU"]
[Site "Moscow RUS"]
[Date "2012.11.10"]
[Round "6.12"]
[White "Gorbatov, Alexej"]
[Black "Volkov, Sergey"]
[Result "0-1"]
[WhiteTitle "IM"]
[BlackTitle "GM"]
[WhiteElo "2361"]
[BlackElo "2577"]
[WhiteFideId "4111834"]
[BlackFideId "4122763"]
[EventDate "2012.11.09"]

1. e4 e6 2. d4 d5 3. Nc3 Nf6 4. exd5 exd5 5. Bg5 Be7 6. Qd2 O-O 7. O-O-O c6 8.
Bd3 Nbd7 9. Nf3 a5 10. Rhe1 a4 11. a3 b5 12. Ne5 Nxe5 13. dxe5 Nd7 14. Bxe7 Qxe7
15. f4 b4 16. axb4 Qxb4 17. Ne4 Nc5 18. Be2 Qxd2+ 19. Nxd2 f6 20. exf6 Rxf6 21.
g3 h6 22. Bf3 Bf5 23. Re3 g5 24. fxg5 hxg5 25. Rde1 g4 26. Bd1 Kg7 27. Rf1 Rh8
28. Rc3 Nd7 29. Re3 Kg6 30. Rf2 Be6 31. Ree2 Ne5 32. Rxf6+ Kxf6 33. Rf2+ Ke7 34.
Re2 Kd6 35. Rf2 c5 36. Nb1 d4 37. Nd2 c4 38. Be2 Bd5 39. Bd1 a3 40. bxa3 c3 41.
Nf1 Ra8 42. Be2 Rxa3 43. Kb1 Ba2+ 44. Kc1 Kc5 45. Rf5 Bd5 46. Kb1 Kd6 47. Rf4
Ba2+ 48. Kc1 Bc4 0-1

[Event "Rector Cup MGSU"]
[Site "Moscow RUS"]
[Date "2012.11.10"]
[Round "7.1"]
[White "Potkin, Vladimir"]
[Black "Belous, Vladimir"]
[Result "1/2-1/2"]
[WhiteTitle "GM"]
[BlackTitle "IM"]
[WhiteElo "2665"]
[BlackElo "2554"]
[WhiteFideId "4131061"]
[BlackFideId "4174003"]
[EventDate "2012.11.09"]

1. d4 Nf6 2. c4 g6 3. Nc3 Bg7 4. e4 d6 5. Be2 O-O 6. Bg5 c6 7. Qd2 a6 8. e5 Ne8
9. Nf3 Bg4 10. Rd1 dxe5 11. dxe5 Qc7 12. O-O Bxf3 13. Bxf3 Bxe5 14. h4 Ng7 15.
Rfe1 Ne6 16. Bxe7 Re8 17. Rxe5 Qxe5 18. Bd6 1/2-1/2

[Event "Rector Cup MGSU"]
[Site "Moscow RUS"]
[Date "2012.11.10"]
[Round "7.2"]
[White "Grachev, Boris"]
[Black "Popov, Ivan RUS"]
[Result "1/2-1/2"]
[WhiteTitle "GM"]
[BlackTitle "GM"]
[WhiteElo "2685"]
[BlackElo "2624"]
[WhiteFideId "4129199"]
[BlackFideId "4170350"]
[EventDate "2012.11.09"]

1. d4 d5 2. c4 c6 3. Nf3 Nf6 4. e3 Bg4 5. h3 Bxf3 6. Qxf3 e6 7. Bd3 Bb4+ 8. Nd2
O-O 9. O-O Nbd7 10. a3 Be7 11. Qe2 e5 12. cxd5 cxd5 13. dxe5 Nxe5 14. Nf3 Nxd3
15. Qxd3 Ne4 16. Bd2 Bf6 17. Rab1 Qd7 18. Rfd1 Rfd8 19. Ba5 b6 20. Be1 Rac8 21.
Nd4 g6 22. Rbc1 Kg7 23. Bc3 Nxc3 1/2-1/2

[Event "Rector Cup MGSU"]
[Site "Moscow RUS"]
[Date "2012.11.10"]
[Round "7.3"]
[White "Nepomniachtchi, Ian"]
[Black "Lintchevski, Daniil"]
[Result "1/2-1/2"]
[WhiteTitle "GM"]
[BlackTitle "GM"]
[WhiteElo "2707"]
[BlackElo "2555"]
[WhiteFideId "4168119"]
[BlackFideId "4171055"]
[EventDate "2012.11.09"]

1. e4 c6 2. Nf3 d5 3. Nc3 Bg4 4. h3 Bxf3 5. Qxf3 e6 6. d4 Nf6 7. Bd3 dxe4 8.
Nxe4 Qxd4 9. c3 Qd8 10. O-O Nbd7 11. Rd1 Ne5 12. Qg3 Nxe4 13. Qxe5 Nf6 14. Bf4
Nd5 15. Bc4 Rc8 16. Bb3 Qb6 17. Bg3 Qc5 18. Re1 Nc7 19. Qf4 Be7 20. Rad1 Nd5 21.
Qg4 O-O 22. Be5 Nf6 23. Bxf6 Bxf6 24. Rd7 b5 25. Red1 Rcd8 26. Qf4 Rxd7 27. Rxd7
a5 28. a4 b4 29. cxb4 axb4 30. Qd2 g6 31. g3 Re8 32. Kg2 Re7 33. Rd3 Kg7 34. Bd1
Ra7 35. b3 Bc3 36. Qe3 Qxe3 37. fxe3 Kf6 38. Rd6 Rc7 39. Bf3 Be5 40. Rd2 Ke7 41.
a5 Ra7 42. Ra2 Bc7 43. a6 Kd6 44. Rd2+ Ke5 45. Ra2 Kd6 46. Be2 Bb6 47. Rd2+ Ke7
48. Kf3 f5 49. Rc2 Kd6 50. Bc4 e5 51. g4 Ke7 52. gxf5 gxf5 53. e4 f4 54. Rg2 Kf6
55. Rg8 Rg7 56. Rxg7 1/2-1/2

[Event "Rector Cup MGSU"]
[Site "Moscow RUS"]
[Date "2012.11.10"]
[Round "7.4"]
[White "Geller, Jakov"]
[Black "Andreikin, Dmitry"]
[Result "0-1"]
[WhiteTitle "GM"]
[BlackTitle "GM"]
[WhiteElo "2559"]
[BlackElo "2723"]
[WhiteFideId "4151984"]
[BlackFideId "4158814"]
[EventDate "2012.11.09"]

1. e4 c6 2. d4 d5 3. exd5 cxd5 4. c3 Nc6 5. Bf4 Nf6 6. h3 Bf5 7. Bd3 Bxd3 8.
Qxd3 e6 9. Nf3 Qb6 10. Qe2 Be7 11. O-O O-O 12. a4 a6 13. b4 a5 14. b5 Nb8 15.
Nbd2 Nbd7 16. c4 dxc4 17. Nxc4 Qd8 18. Rfc1 Nd5 19. Bd6 N7b6 20. Nxb6 Qxb6 21.
Bc5 Qd8 22. Ne5 Rc8 23. Rc4 Re8 24. Rac1 Bg5 25. R1c2 Bf6 26. Qf3 Bxe5 27. dxe5
Qd7 28. Bd6 Rxc4 29. Rxc4 Rc8 30. Qd3 f5 31. Rd4 Qf7 32. Rc4 Rxc4 33. Qxc4 h6
34. f3 Kh7 35. h4 Qg6 36. Qd4 Qg3 37. Kf1 Kg6 38. Bc5 Kh5 39. b6 Qxh4 40. Qf2
Qxf2+ 41. Bxf2 Kg5 42. Ke2 Kf4 43. Kd3 Kxe5 44. Kc4 Kd6 45. Kb5 e5 46. Bc5+ Kd7
47. Bf8 e4 48. fxe4 fxe4 49. Bxg7 h5 50. Kc5 Nf4 51. Bc3 Nxg2 52. Kd4 e3 53. Kd3
h4 54. Ke2 Nf4+ 55. Kf3 h3 0-1

[Event "Rector Cup MGSU"]
[Site "Moscow RUS"]
[Date "2012.11.10"]
[Round "7.5"]
[White "Pavlov, Sergey2"]
[Black "Khismatullin, Denis"]
[Result "1/2-1/2"]
[WhiteTitle "IM"]
[BlackTitle "GM"]
[WhiteElo "2471"]
[BlackElo "2646"]
[WhiteFideId "14114330"]
[BlackFideId "4142578"]
[EventDate "2012.11.09"]

1. Nf3 c5 2. c4 Nc6 3. Nc3 g6 4. e3 Nf6 5. d4 Bg7 6. d5 Na5 7. e4 d6 8. h3 O-O
9. Bd3 e6 10. O-O Re8 11. Bf4 e5 12. Bg5 h6 13. Be3 Nh5 14. a3 b6 15. b4 Nb7 16.
Re1 Nf4 17. Bf1 Bd7 18. Qd2 Kh7 19. Kh2 Nh5 20. Be2 Nf6 21. Reb1 Ng8 22. Ne1 f5
23. f3 f4 24. Bf2 h5 25. Nd3 Nh6 26. Nb5 g5 27. g4 fxg3+ 28. Bxg3 Bf6 29. Rg1 a6
30. Nc3 Rg8 31. Rab1 Qc7 32. bxc5 bxc5 33. Ne1 Na5 34. Nc2 Rab8 35. Na1 Rxb1 36.
Rxb1 Bc8 37. Nb3 Qd7 38. Bf1 Nxc4 39. Qe2 Nxa3 40. Ra1 c4 41. Rxa3 cxb3 42. Rxb3
Nf7 43. Qc4 g4 44. fxg4 Ng5 45. Na4 hxg4 46. Nb6 Qe8 47. Qxc8 Qxc8 48. Nxc8 Rxc8
49. hxg4 Rc2+ 50. Kh1 Kh6 51. Bg2 a5 52. Ra3 Bd8 53. Ra1 Bb6 54. Be1 a4 55. Bb4
Nf7 56. Rxa4 Kg5 57. Ra1 Kxg4 58. Rf1 Bf2 59. Be1 Bxe1 60. Rxf7 Rc1 61. Rf1 Kg3
62. Rf3+ Kg4 63. Rf1 Bd2 64. Rxc1 Bxc1 65. Kg1 1/2-1/2